Optimalizácia logistických procesov pri dodávke bočných okien pre vybrané vozidlá v spoločnosti Volkswagen Slovakia, a.s.

Guardado en:
Detalles Bibliográficos
Autor principal: Škultéty, Ondrej (Autor)
Otros Autores: Jerz, Vladimír (Orientador)
Formato: Manuscrito Libro
Lenguaje:eslovaco
Publicado: 2021
Materias:
Acceso en línea:http://is.stuba.sk/zp/portal_zp.pl?podrobnosti=154175
Etiquetas: Agregar Etiqueta
Sin Etiquetas, Sea el primero en etiquetar este registro!

MARC

LEADER 00000ntm a22000003a 4500
001 stuzp85771
003 SK-STU
005 20210717210639.9
007 ta
008 150427s2015----xo-----f-mn---000-0-slo-d
040 |a STU  |b slo 
041 0 |a slo 
100 1 |a Škultéty, Ondrej  |u 020070  |4 aut  |U SjF Strojnícka fakulta  |T SjF Ústav výrobných systémov, enviromentálnej techniky a manažment kvality  |X 93251  |U J0070  |Y 804  |7 93251 
242 0 1 |a Optimization of logistics processes in the supply of side windows for selected vehicles in Volkswagen Slovakia, a.s.  |y eng 
245 1 0 |a Optimalizácia logistických procesov pri dodávke bočných okien pre vybrané vozidlá v spoločnosti Volkswagen Slovakia, a.s. 
260 |c 2021 
650 4 |a logistika  |2 slo 
650 4 |a optimalizácia  |2 slo 
650 4 |a nakupovaný diel  |2 slo 
650 4 |a JIT diel  |2 slo 
650 4 |a logistics  |2 eng 
650 4 |a optimalization  |2 eng 
650 4 |a purchased part  |2 eng 
650 4 |a JIT part  |2 eng 
700 1 |a Jerz, Vladimír  |u 020070  |k Z1  |4 ths  |U SjF Strojnícka fakulta  |T SjF Ústav výrobných systémov, enviromentálnej techniky a manažment kvality  |X 2407  |U J0070  |Y 804  |7 A000002407 
856 4 |u http://is.stuba.sk/zp/portal_zp.pl?podrobnosti=154175